[Event "Open Parla 2008"]
[Site "Parla ESP"]
[Date "2008.09.07"]
[Round "2.18"]
[White "Perez Gonzalez, Jose Manuel"]
[Black "Prada Teruel, Carlos"]
[Result "1-0"]
[WhiteElo "2255"]
[BlackElo "1949"]
[PlyCount "63"]
[EventDate "2008.09.06"]
[EventType "swiss"]
[EventRounds "9"]
[EventCountry "AUT"]
[Source "lmi"]
[SourceDate "2008.09.06"]

1. e4 c5 2. Nf3 e6 3. d4 cxd4 4. Nxd4 Nf6 5. Nc3 d6 6. Bc4 a6 7. O-O b5 8. Bb3
Be7 9. Qf3 Bb7 10. Bxe6 fxe6 11. Nxe6 Qd7 12. Nxg7+ Kf7 13. Nf5 Rf8 14. Nd5 Bd8
15. Re1 Nc6 16. Qg3 Ne5 17. Qg7+ Ke8 18. Bh6 Ng6 19. Qxd7+ Kxd7 20. Bxf8 Nxf8
21. Nxf6+ Bxf6 22. Rad1 Bxb2 23. Nxd6 Kc7 24. Nxb7 Kxb7 25. f4 Rc8 26. Re2 Ng6
27. g3 h5 28. Rd6 Rg8 29. Kf2 h4 30. e5 hxg3+ 31. hxg3 Ba3 32. Rf6 1-0

[Event "Open Parla 2008"]
[Site "Parla ESP"]
[Date "2008.09.07"]
[Round "2.19"]
[White "Qasem, Abul"]
[Black "Rodriguez Yuste, Marcelo"]
[Result "0-1"]
[WhiteElo "2043"]
[BlackElo "2243"]
[PlyCount "100"]
[EventDate "2008.09.06"]
[EventType "swiss"]
[EventRounds "9"]
[EventCountry "AUT"]
[Source "lmi"]
[SourceDate "2008.09.06"]

1. e4 c5 2. Nf3 e6 3. d4 cxd4 4. Nxd4 Nf6 5. Nc3 Nc6 6. Be2 d5 7. exd5 Nxd5 8.
Nxc6 bxc6 9. Ne4 f5 10. Ng5 Be7 11. h4 O-O 12. c4 Nb6 13. Qxd8 Rxd8 14. f4 Bf6
15. Nf3 Ba6 16. Rb1 Bxc4 17. Bxc4 Nxc4 18. Ke2 Rab8 19. b3 Nd6 20. Rd1 Nb5 21.
Bb2 Bxb2 22. Rxd8+ Rxd8 23. Rxb2 Nc3+ 24. Ke1 Rd1+ 25. Kf2 Ra1 26. Rc2 Rxa2 27.
Rxa2 Nxa2 28. Nd4 Nb4 29. Nxe6 Kf7 30. Nd4 g6 31. Ke3 c5 32. Ne2 Ke6 33. g3 Kd5
34. Nc3+ Kc6 35. Kd2 Nd5 36. Nd1 Kb5 37. Nb2 Nf6 38. Ke3 Kb4 39. Nd3+ Kxb3 40.
Nxc5+ Kc4 41. Nb7 Kb4 42. Kd4 a5 43. Nc5 a4 44. Nd3+ Kb5 45. Nb2 a3 46. Nc4 a2
47. Na3+ Ka4 48. Nc2 Kb3 49. Kd3 Kb2 50. Na1 Kxa1 0-1

[Event "Open Parla 2008"]
[Site "Parla ESP"]
[Date "2008.09.07"]
[Round "2.20"]
[White "Cortes Jurado, Rafael"]
[Black "Sanchez Gonzalez, Sergio"]
[Result "0-1"]
[WhiteElo "2040"]
[BlackElo "2228"]
[PlyCount "72"]
[EventDate "2008.09.06"]
[EventType "swiss"]
[EventRounds "9"]
[EventCountry "AUT"]
[Source "lmi"]
[SourceDate "2008.09.06"]

1. e4 c5 2. Nf3 b6 3. d4 cxd4 4. Nxd4 Bb7 5. Nc3 a6 6. Be3 d6 7. Qd2 Nf6 8. f3
b5 9. g4 g6 10. g5 Nfd7 11. Qf2 b4 12. Nd5 e5 13. Ne2 Bxd5 14. exd5 Qa5 15. c4
Bg7 16. b3 Nc5 17. Bxc5 dxc5 18. Ng3 e4 19. O-O-O exf3 20. Ne4 O-O 21. Nf6+
Bxf6 22. gxf6 Nd7 23. Rd2 Qa3+ 24. Kb1 Nxf6 25. Qxf3 Rae8 26. Bd3 Nd7 27. h4
Ne5 28. Qg2 a5 29. h5 a4 30. hxg6 fxg6 31. Qh3 Rf7 32. Bxg6 Nxg6 33. Rg2 axb3
34. Rxg6+ Kh8 35. Rg2 Rf1+ 36. Rxf1 bxa2+ 0-1

[Event "Open Parla 2008"]
[Site "Parla ESP"]
[Date "2008.09.07"]
[Round "2.21"]
[White "Estrada Martinez, Cesar"]
[Black "Laynez Aspenberg, Jose Miguel"]
[Result "1-0"]
[WhiteElo "2225"]
[BlackElo "1935"]
[PlyCount "81"]
[EventDate "2008.09.06"]
[EventType "swiss"]
[EventRounds "9"]
[EventCountry "AUT"]
[Source "lmi"]
[SourceDate "2008.09.06"]

1. Nf3 Nf6 2. c4 c5 3. d4 cxd4 4. Nxd4 d6 5. Nc3 g6 6. e4 Bg7 7. Be2 O-O 8. O-O
Nc6 9. Be3 Bd7 10. f3 Nxd4 11. Bxd4 Bc6 12. Qd2 a5 13. b3 Nd7 14. Bxg7 Kxg7 15.
Kh1 Qb6 16. Rab1 Nc5 17. Qd4+ Kg8 18. f4 Qb4 19. Bf3 Ne6 20. Qe3 Nxf4 21. a3
Nxg2 22. Bxg2 Qxa3 23. Rf3 Qc5 24. Nd5 Bxd5 25. exd5 Qxe3 26. Rxe3 Rfe8 27. Bh3
f5 28. Bg2 b6 29. Bf1 Kf7 30. Rbe1 Ra7 31. Kg2 Rc8 32. h4 Rcc7 33. Kf3 a4 34.
bxa4 Rxa4 35. Rb1 Rca7 36. Rxb6 Ra2 37. Be2 Ra1 38. Kg2 Rc1 39. Rbb3 Rc2 40.
Kf3 Rc1 41. Rbc3 1-0

[Event "Open Parla 2008"]
[Site "Parla ESP"]
[Date "2008.09.07"]
[Round "2.22"]
[White "Ferreiro Calvo, Manuel"]
[Black "Penalosa Pinilla, Jesus"]
[Result "1/2-1/2"]
[WhiteElo "2034"]
[BlackElo "2224"]
[PlyCount "93"]
[EventDate "2008.09.06"]
[EventType "swiss"]
[EventRounds "9"]
[EventCountry "AUT"]
[Source "lmi"]
[SourceDate "2008.09.06"]

1. Nf3 Nf6 2. c4 d6 3. g3 g6 4. Bg2 Bg7 5. O-O O-O 6. Nc3 e5 7. d4 Nbd7 8. h3
c6 9. e4 Qa5 10. a3 exd4 11. Nxd4 Ne5 12. b4 Qa6 13. b5 Qa5 14. Qb3 Nfd7 15.
Bd2 Nb6 16. Rfd1 Nexc4 17. Be1 c5 18. Nc2 Bxc3 19. Bxc3 Qa4 20. Qb1 Be6 21. Qc1
Qxb5 22. Qh6 f6 23. Rdb1 Qd7 24. Be1 Rae8 25. h4 Qg7 26. Qc1 Bd7 27. a4 Bxa4
28. Na3 Nxa3 29. Rxa3 Bc6 30. Rxa7 Nc8 31. Ra2 Bxe4 32. Bxe4 Rxe4 33. Rab2 b6
34. Bd2 d5 35. Bh6 Qd7 36. Bxf8 Kxf8 37. Rxb6 Nxb6 38. Qxc5+ Qe7 39. Qxb6 Re1+
40. Rxe1 Qxe1+ 41. Kg2 Qe4+ 42. Kf1 d4 43. Qxf6+ Kg8 44. Qd8+ Kg7 45. Qc7+ Kh6
46. Qc1+ Kg7 47. Qc7+ 1/2-1/2

[Event "Open Parla 2008"]
[Site "Parla ESP"]
[Date "2008.09.07"]
[Round "2.23"]
[White "Solaesa Navalpotro, Luis Julio"]
[Black "Gonzalo Gonzalez, Francisco"]
[Result "1-0"]
[WhiteElo "2216"]
[BlackElo "1858"]
[PlyCount "87"]
[EventDate "2008.09.06"]
[EventType "swiss"]
[EventRounds "9"]
[EventCountry "AUT"]
[Source "lmi"]
[SourceDate "2008.09.06"]

1. d4 e5 2. dxe5 Nc6 3. Nf3 Qe7 4. Qd5 f6 5. exf6 Nxf6 6. Qd1 d5 7. c3 Be6 8.
e3 O-O-O 9. Nbd2 Ne4 10. Qc2 Nxd2 11. Bxd2 g6 12. Nd4 Bd7 13. Nxc6 Bxc6 14.
O-O-O Bg7 15. f4 Rd6 16. Bd3 d4 17. exd4 Bxg2 18. Rhg1 Bh3 19. f5 gxf5 20.
Bxf5+ Bxf5 21. Qxf5+ Qd7 22. Rdf1 Qxf5 23. Rxf5 Rf6 24. Rxf6 Bxf6 25. Rf1 Be7
26. Kc2 h5 27. Rf7 Bd6 28. h4 b5 29. Kd3 Kd8 30. Bg5+ Ke8 31. Rf5 a6 32. a4 c6
33. Rf6 Kd7 34. a5 b4 35. Rf7+ Ke6 36. Ra7 bxc3 37. bxc3 Rf8 38. Ke4 Rf1 39.
Rxa6 Re1+ 40. Kd3 Kd7 41. Ra7+ Kc8 42. a6 Kb8 43. Rd7 Re6 44. Rxd6 1-0

[Event "Open Parla 2008"]
[Site "Parla ESP"]
[Date "2008.09.07"]
[Round "2.24"]
[White "Montanes Arribas, Adrian"]
[Black "Adan Bermudez, Sergio"]
[Result "0-1"]
[WhiteElo "2034"]
[BlackElo "2205"]
[PlyCount "74"]
[EventDate "2008.09.06"]
[EventType "swiss"]
[EventRounds "9"]
[EventCountry "AUT"]
[Source "lmi"]
[SourceDate "2008.09.06"]

1. e4 c5 2. Nf3 b6 3. d4 cxd4 4. Nxd4 Bb7 5. Nc3 a6 6. Bg5 Qc7 7. Qf3 e6 8.
O-O-O Nc6 9. Nxc6 Qxc6 10. Qg3 Rc8 11. Bd3 Bb4 12. Ne2 Nf6 13. Bxf6 gxf6 14.
Qh4 Be7 15. Qh6 Qc5 16. h4 Bd8 17. f3 Ke7 18. Nf4 Bc7 19. Nh5 Be5 20. f4 Qe3+
21. Kb1 Rcg8 22. Rhe1 Qxe1 23. Rxe1 Rg6 24. Qxg6 hxg6 25. fxe5 Rxh5 26. exf6+
Kxf6 27. g3 Re5 28. Kc1 g5 29. h5 Kg7 30. g4 d5 31. Kd2 dxe4 32. Bf1 f5 33. Bh3
f4 34. c4 Rc5 35. Bf1 Rc7 36. b4 Kf6 37. Kc3 Ke5 0-1

[Event "Open Parla 2008"]
[Site "Parla ESP"]
[Date "2008.09.07"]
[Round "2.26"]
[White "Jurado Rodriguez, Wilfredo"]
[Black "Baigorri Navarro, Francisco Javie"]
[Result "0-1"]
[WhiteElo "2030"]
[BlackElo "2178"]
[PlyCount "72"]
[EventDate "2008.09.06"]
[EventType "swiss"]
[EventRounds "9"]
[EventCountry "AUT"]
[Source "lmi"]
[SourceDate "2008.09.06"]

1. e4 g6 2. d4 Bg7 3. Nf3 d6 4. c3 Nf6 5. Bd3 O-O 6. O-O c5 7. h3 Qc7 8. Bf4
Nfd7 9. Nbd2 Nc6 10. Be3 b6 11. Rc1 Bb7 12. Bb1 b5 13. d5 Nce5 14. Nxe5 dxe5
15. Nf3 c4 16. Qd2 Rfd8 17. Rfd1 Nf6 18. Bg5 Rd7 19. Qe2 Ne8 20. g4 Nd6 21. h4
Rf8 22. Be3 a6 23. h5 Rdd8 24. hxg6 fxg6 25. Ng5 Bc8 26. Kh2 h6 27. Nh3 Qd7 28.
f3 h5 29. Kg3 Rxf3+ 30. Qxf3 hxg4 31. Qg2 gxh3 32. Qe2 h2 33. Qxh2 Qg4+ 34. Kf2
Rf8+ 35. Ke1 Nxe4 36. Rc2 Rf1+ 0-1

[Event "Open Parla 2008"]
[Site "Parla ESP"]
[Date "2008.09.07"]
[Round "2.28"]
[White "Cabanas Bravo, Juan Andres"]
[Black "Salcedo Tornero, Pablo"]
[Result "1-0"]
[WhiteElo "2019"]
[BlackElo "2157"]
[PlyCount "75"]
[EventDate "2008.09.06"]
[EventType "swiss"]
[EventRounds "9"]
[EventCountry "AUT"]
[Source "lmi"]
[SourceDate "2008.09.06"]

1. e4 d6 2. d4 Nf6 3. Nc3 g6 4. f4 Bg7 5. Nf3 O-O 6. Bd3 Nc6 7. e5 dxe5 8. fxe5
Nh5 9. Be3 Bg4 10. Bc4 Na5 11. Be2 c5 12. dxc5 Nc6 13. O-O Nxe5 14. Nd4 Qd7 15.
Ndb5 Qxd1 16. Bxd1 Nc4 17. Bg5 Bxd1 18. Raxd1 Nxb2 19. Rd7 a6 20. Bxe7 axb5 21.
Nxb5 f5 22. Bxf8 Bxf8 23. Nd6 Na4 24. Nxb7 Nxc5 25. Rd8 Rxd8 26. Nxd8 Be7 27.
Nc6 Bd6 28. Rd1 Ne4 29. a4 Nf4 30. a5 Ne2+ 31. Kf1 N2c3 32. Ra1 Bxh2 33. a6
Nd2+ 34. Kf2 f4 35. a7 Nde4+ 36. Kf3 Nd2+ 37. Kg4 h5+ 38. Kh3 1-0

[Event "Open Parla 2008"]
[Site "Parla ESP"]
[Date "2008.09.07"]
[Round "2.29"]
[White "Fier, Alexandr"]
[Black "Lopez Heras, Arturo"]
[Result "1-0"]
[WhiteElo "2558"]
[BlackElo "1997"]
[PlyCount "61"]
[EventDate "2008.09.06"]
[EventType "swiss"]
[EventRounds "9"]
[EventCountry "AUT"]
[Source "lmi"]
[SourceDate "2008.09.06"]

1. e4 e5 2. f4 exf4 3. Nf3 g5 4. h4 g4 5. Ne5 d6 6. Nxg4 Nf6 7. Nxf6+ Qxf6 8.
Nc3 Nc6 9. Nd5 Qg6 10. d3 Qg3+ 11. Kd2 Bh6 12. Qf3 Kd8 13. Qxg3 fxg3+ 14. Kd1
Bxc1 15. Rxc1 Be6 16. Be2 Bxd5 17. exd5 Nb4 18. Rf1 Ke7 19. Rf5 Nxa2 20. Ra1
Nb4 21. Ra4 a5 22. c3 b5 23. Ra1 Na6 24. d4 b4 25. Rxa5 bxc3 26. bxc3 Rhb8 27.
Rxa6 Rb1+ 28. Kc2 Rab8 29. Ra2 Rg1 30. Kd3 Rbb1 31. Bh5 1-0

[Event "Open Parla 2008"]
[Site "Parla ESP"]
[Date "2008.09.07"]
[Round "2.30"]
[White "Castejon Caballero, Andres"]
[Black "Vazquez Igarza, Renier"]
[Result "0-1"]
[WhiteElo "1993"]
[BlackElo "2540"]
[PlyCount "92"]
[EventDate "2008.09.06"]
[EventType "swiss"]
[EventRounds "9"]
[EventCountry "AUT"]
[Source "lmi"]
[SourceDate "2008.09.06"]

1. e4 e5 2. d4 exd4 3. Bc4 Nf6 4. Nf3 Nc6 5. e5 d5 6. Bb5 Nd7 7. Bxc6 bxc6 8.
e6 fxe6 9. Nxd4 Nf6 10. Qe2 Qd7 11. Bg5 Bd6 12. O-O O-O 13. f4 a5 14. Nd2 Ba6
15. Qxe6+ Qxe6 16. Nxe6 Rfe8 17. Rfe1 Rab8 18. b3 Bc8 19. Nd4 Bd7 20. Bxf6 Bxf4
21. N2f3 gxf6 22. Kf2 c5 23. Ne2 Be3+ 24. Kg3 Kf7 25. h3 Rg8+ 26. Kh2 d4 27.
Rad1 Rbe8 28. Nc1 Bc6 29. Nd3 Rxg2+ 30. Kxg2 Rg8+ 31. Kh2 Bxf3 32. Rg1 Bxg1+
33. Rxg1 Re8 34. Re1 Rxe1 35. Nxe1 Be4 36. Kg3 Ke6 37. Kf4 f5 38. h4 h6 39. Nd3
Bxd3 40. cxd3 Kf6 41. h5 Ke6 42. Kf3 Ke5 43. Kg3 f4+ 44. Kg4 a4 45. bxa4 c4 46.
dxc4 Ke4 0-1

[Event "Open Parla 2008"]
[Site "Parla ESP"]
[Date "2008.09.07"]
[Round "2.31"]
[White "Escobar Pena, Rafael"]
[Black "Elissalt Cardenas, Hector"]
[Result "0-1"]
[WhiteElo "1962"]
[BlackElo "2317"]
[PlyCount "72"]
[EventDate "2008.09.06"]
[EventType "swiss"]
[EventRounds "9"]
[EventCountry "AUT"]
[Source "lmi"]
[SourceDate "2008.09.06"]

1. e4 d6 2. d4 Nf6 3. Nc3 g6 4. f4 Bg7 5. Nf3 O-O 6. g3 c5 7. Bg2 cxd4 8. Nxd4
Nc6 9. Nce2 Qb6 10. c3 e5 11. Nb3 Ng4 12. Rf1 Nxh2 13. Rh1 Ng4 14. Rf1 Be6 15.
f5 Bc4 16. Bf3 Ne3 17. Bxe3 Qxe3 18. Qd2 Bh6 19. Rh1 Qxf3 20. Rxh6 Bxe2 21.
Qxe2 Qxg3+ 22. Kd2 Qg5+ 23. Qe3 Qxe3+ 24. Kxe3 Kg7 25. Rah1 Rh8 26. Kf3 Ne7 27.
Kg4 Ng8 28. R6h3 Nf6+ 29. Kf3 h5 30. Na5 g5 31. Ke3 b5 32. Nb7 d5 33. exd5
Nxd5+ 34. Ke4 Nf6+ 35. Kxe5 Rhd8 36. Nd6 Rac8 0-1

[Event "Open Parla 2008"]
[Site "Parla ESP"]
[Date "2008.09.07"]
[Round "2.32"]
[White "Penaranda Grilo, Juan Carlos"]
[Black "Anton Veiga, Juan Carlos"]
[Result "0-1"]
[WhiteElo "1961"]
[BlackElo "2153"]
[PlyCount "68"]
[EventDate "2008.09.06"]
[EventType "swiss"]
[EventRounds "9"]
[EventCountry "AUT"]
[Source "lmi"]
[SourceDate "2008.09.06"]

1. d4 Nf6 2. c4 e6 3. Nf3 b6 4. g3 Ba6 5. Nbd2 Bb4 6. Bg2 Bxc4 7. O-O Bd5 8.
Qc2 Bb7 9. a3 Be7 10. b4 d6 11. b5 a6 12. bxa6 Nxa6 13. Bb2 O-O 14. e4 d5 15.
e5 Nd7 16. Ne1 c5 17. f4 cxd4 18. Bxd4 Nac5 19. f5 exf5 20. Qxf5 Ne6 21. Bb2
Ra4 22. Nef3 g6 23. Qc2 Qa8 24. Nb1 Rc8 25. Qd2 Ndc5 26. Qd1 Ne4 27. Qe2 Ba6
28. Qe1 Bc5+ 29. Kh1 Bxf1 30. Bxf1 Bf2 31. Qd1 Bxg3 32. Kg2 Nf4+ 33. Kg1 Bf2+
34. Kh1 Bd4 0-1

[Event "Open Parla 2008"]
[Site "Parla ESP"]
[Date "2008.09.07"]
[Round "2.33"]
[White "Cerrato Torrijos, Maria"]
[Black "Martin Rodriguez, Emilio"]
[Result "1-0"]
[WhiteElo "1877"]
[BlackElo "2123"]
[PlyCount "121"]
[EventDate "2008.09.06"]
[EventType "swiss"]
[EventRounds "9"]
[EventCountry "AUT"]
[Source "lmi"]
[SourceDate "2008.09.06"]

1. e4 c6 2. d4 d5 3. Nd2 g6 4. e5 h5 5. Ngf3 Bg4 6. h3 Bxf3 7. Nxf3 e6 8. Bd3
c5 9. c3 Nc6 10. dxc5 Bxc5 11. O-O Qc7 12. Re1 Nh6 13. Bxh6 Rxh6 14. b4 Bf8 15.
Qa4 Bg7 16. b5 Qa5 17. Qb3 Ne7 18. c4 Rd8 19. c5 Rh8 20. c6 Qc7 21. cxb7 Qxb7
22. a4 Bh6 23. a5 Kf8 24. b6 Rb8 25. Reb1 Kg7 26. Qa3 axb6 27. Rxb6 Qa7 28.
Rab1 Rxb6 29. Rxb6 Ra8 30. Ra6 Qb7 31. Rxa8 Qxa8 32. Qxe7 Qxa5 33. Qf6+ Kg8 34.
g3 Bg7 35. Qf4 Qc7 36. Qd4 Bf8 37. Kg2 Bg7 38. Qa1 Qb8 39. h4 Bf8 40. Qb1 Qc7
41. Qb5 Kg7 42. Qe8 Be7 43. Nd4 Bc5 44. Qc6 Qa7 45. Nb5 Qe7 46. Qc7 Qxc7 47.
Nxc7 Kf8 48. Bxg6 Bd4 49. Bxh5 Bxe5 50. Nb5 Kg7 51. Be2 Bb2 52. g4 f6 53. f4
Bc1 54. Kf3 Bd2 55. g5 fxg5 56. fxg5 Ba5 57. h5 e5 58. Kg4 Bd2 59. Nc7 d4 60.
Bd3 Bf4 61. Ne6+ 1-0

[Event "Open Parla 2008"]
[Site "Parla ESP"]
[Date "2008.09.07"]
[Round "2.34"]
[White "Lopez Garralon, Miguel"]
[Black "Coleto Calderon, Jose Antonio"]
[Result "1/2-1/2"]
[WhiteElo "1693"]
[BlackElo "2122"]
[PlyCount "152"]
[EventDate "2008.09.06"]
[EventType "swiss"]
[EventRounds "9"]
[EventCountry "AUT"]
[Source "lmi"]
[SourceDate "2008.09.06"]

1. e4 c5 2. Nf3 Nc6 3. d3 d6 4. g3 g6 5. Bg2 Bg7 6. O-O Nf6 7. Nbd2 O-O 8. c3
e5 9. Re1 d5 10. h4 dxe4 11. Nxe4 Nxe4 12. dxe4 Bg4 13. Be3 Qe7 14. Qd5 Bxf3
15. Bxf3 Qf6 16. Bg2 b6 17. Bg5 Qe6 18. Qxe6 fxe6 19. Bh3 Rfe8 20. Rad1 h6 21.
Be3 Re7 22. Rd6 Nd8 23. Red1 Nb7 24. Rxe6 Rxe6 25. Bxe6+ Kh7 26. Rd7 Rb8 27.
Bd5 Nd8 28. Rxa7 Kh8 29. f4 Rc8 30. fxe5 Nc6 31. Bxc6 Rxc6 32. Re7 Kg8 33. e6
Kf8 34. Rf7+ Kg8 35. Rb7 Rxe6 36. Kf2 h5 37. Rb8+ Kf7 38. Rb7+ Kg8 39. Kf3 Bf6
40. Bg5 Bxg5 41. hxg5 Re5 42. Kf4 Re6 43. a4 Kf8 44. b4 cxb4 45. cxb4 Ke8 46.
a5 bxa5 47. bxa5 Ra6 48. Rb6 Rxa5 49. Rxg6 Ra1 50. Rh6 Rf1+ 51. Ke5 Rg1 52. Ke6
Kf8 53. Rxh5 Rxg3 54. e5 Ra3 55. Rh4 Ra6+ 56. Kf5 Kg7 57. Re4 Ra5 58. Rd4 Ra7
59. Rd6 Ra5 60. Rf6 Kg8 61. Rd6 Ra1 62. e6 Kf8 63. Rd7 Rf1+ 64. Kg6 Re1 65.
Rf7+ Kg8 66. e7 Re6+ 67. Rf6 Rxe7 68. Ra6 Re8 69. Kh6 Rb8 70. g6 Rc8 71. Ra7
Rb8 72. Rf7 Ra8 73. Rf6 Rb8 74. g7 Ra8 75. Kg6 Rb8 76. Rf5 Ra8 1/2-1/2

[Event "Open Parla 2008"]
[Site "Parla ESP"]
[Date "2008.09.07"]
[Round "2.35"]
[White "Alcazar Mata, Jesus"]
[Black "Molina Rodriguez, Jorge Luis"]
[Result "0-1"]
[WhiteElo "1631"]
[BlackElo "2105"]
[PlyCount "78"]
[EventDate "2008.09.06"]
[EventType "swiss"]
[EventRounds "9"]
[EventCountry "AUT"]
[Source "lmi"]
[SourceDate "2008.09.06"]

1. e4 c6 2. Nc3 d5 3. Qf3 dxe4 4. Nxe4 Nd7 5. d4 Ngf6 6. c3 Nxe4 7. Qxe4 Nf6 8.
Qh4 Bf5 9. Nf3 e6 10. Ne5 Be7 11. Bd3 Ng4 12. Qg3 Bh4 13. Qf4 g5 14. Qd2 Bxf2+
15. Ke2 Be3 16. Qc2 Bxd3+ 17. Qxd3 Nxe5 18. Qxe3 Nc4 19. Qg3 Qd5 20. Re1 O-O-O
21. b3 Nd6 22. Qf3 Qxf3+ 23. Kxf3 Rhg8 24. g4 Kd7 25. Be3 f5 26. Rad1 b6 27. c4
Ne4 28. d5 cxd5 29. Bd4 fxg4+ 30. Kxg4 e5 31. Bg1 h5+ 32. Kf5 Nc3 33. Rd3 Rdf8+
34. Kxe5 Re8+ 35. Kf5 Rxe1 36. Bf2 Rf8+ 37. Kxg5 Ne4+ 38. Kxh5 Rxf2 39. Rxd5+
Ke6 0-1

[Event "Open Parla 2008"]
[Site "Parla ESP"]
[Date "2008.09.07"]
[Round "2.38"]
[White "Constantino Blazquez, Christian"]
[Black "Andalon Gomez, Carlos Jesus"]
[Result "0-1"]
[WhiteElo "1848"]
[BlackElo "2017"]
[PlyCount "90"]
[EventDate "2008.09.06"]
[EventType "swiss"]
[EventRounds "9"]
[EventCountry "AUT"]
[Source "lmi"]
[SourceDate "2008.09.06"]

1. e4 e6 2. d4 d5 3. e5 c5 4. c3 Nc6 5. Nf3 Bd7 6. a3 Qb6 7. b4 cxd4 8. cxd4 f6
9. Bb2 Be7 10. Bd3 Nh6 11. O-O O-O 12. Qc2 f5 13. Qd2 Kh8 14. Be2 Nf7 15. h4
Rg8 16. Nc3 g5 17. Na4 Qd8 18. Nc5 b6 19. Nxd7 Qxd7 20. hxg5 Nxg5 21. Nxg5 Rxg5
22. f4 Rg7 23. Rac1 Nd8 24. Rc3 Qe8 25. Rc7 Qg6 26. Bb5 Bh4 27. Rfc1 Rxc7 28.
Rxc7 Bg3 29. Qe3 Nf7 30. Qf3 Rg8 31. Rxa7 Qh6 32. Bc3 Qh2+ 33. Kf1 Bxf4 34.
Rxf7 Qh1+ 35. Kf2 Qc1 36. Re7 Bg3+ 37. Ke2 Qc2+ 38. Kf1 Qc1+ 39. Ke2 Qc2+ 40.
Kf1 Rg4 41. Kg1 Qc1+ 42. Bf1 Rf4 43. Bd2 Qxd2 44. Qxg3 Qxd4+ 45. Kh2 Rh4+ 0-1

[Event "Open Parla 2008"]
[Site "Parla ESP"]
[Date "2008.09.07"]
[Round "2.39"]
[White "Burlacu, Laurentiu"]
[Black "Martinez-Villanueva Pelaez, Guzma"]
[Result "0-1"]
[WhiteElo "2009"]
[BlackElo "1827"]
[PlyCount "86"]
[EventDate "2008.09.06"]
[EventType "swiss"]
[EventRounds "9"]
[EventCountry "AUT"]
[Source "lmi"]
[SourceDate "2008.09.06"]

1. e4 c6 2. c4 d5 3. exd5 cxd5 4. cxd5 Qxd5 5. Nc3 Qd8 6. d4 Nf6 7. Bc4 Nc6 8.
Be3 e6 9. Nf3 a6 10. O-O Bd6 11. d5 exd5 12. Nxd5 Nxd5 13. Bxd5 Ne7 14. Qa4+
Bd7 15. Qe4 Bf5 16. Bxf7+ Kxf7 17. Ng5+ Ke8 18. Qxb7 Qb8 19. Qf3 h6 20. Ne4
Bxe4 21. Qxe4 Kf7 22. Bd4 Bxh2+ 23. Kh1 Qf4 24. Qd3 Rhd8 25. Qb3+ Kf8 26. Bb6
Qh4 27. g3 Bxg3+ 28. Kg2 Qe4+ 29. Qf3+ Qxf3+ 30. Kxf3 Rdb8 31. Bc5 Bh4 32. b4
a5 33. Kg4 Bf6 34. Rab1 axb4 35. Bxb4 Ra4 36. a3 Bc3 37. Rfc1 Bxb4 38. Rc4 Rxa3
39. Rf4+ Kg8 40. Rbxb4 Rxb4 41. Rxb4 Kf7 42. f4 Nd5 43. Rb7+ Kg6 0-1

[Event "Open Parla 2008"]
[Site "Parla ESP"]
[Date "2008.09.07"]
[Round "2.40"]
[White "Garcia-Ines Sanchez, Gustavo"]
[Black "Rodrigo Yanguas, Maria"]
[Result "0-1"]
[WhiteElo "1845"]
[BlackElo "1999"]
[PlyCount "74"]
[EventDate "2008.09.06"]
[EventType "swiss"]
[EventRounds "9"]
[EventCountry "AUT"]
[Source "lmi"]
[SourceDate "2008.09.06"]

1. e4 e6 2. Nf3 d5 3. exd5 exd5 4. d4 Bd6 5. c4 dxc4 6. Bxc4 Nf6 7. O-O O-O 8.
h3 h6 9. Ne5 Nbd7 10. f4 c5 11. Qb3 Qe8 12. Ng6 Nb6 13. Nxf8 Nxc4 14. Qxc4 Qxf8
15. d5 b5 16. Qxb5 a5 17. Re1 Bd7 18. Qc4 Rb8 19. Nc3 Rb4 20. Qf1 Qb8 21. a3
Rb6 22. a4 Rb4 23. g3 h5 24. Bd2 Rxb2 25. Rab1 h4 26. gxh4 Nh5 27. Rxb2 Qxb2
28. Ne4 Be7 29. Bc3 Qc2 30. Re2 Qxa4 31. Qg2 Qd1+ 32. Re1 Qd3 33. Rf1 Bxh3 34.
Qd2 Qxf1+ 35. Kh2 Bf5 36. d6 Bxe4 37. Qe1 Qg2# 0-1

[Event "Open Parla 2008"]
[Site "Parla ESP"]
[Date "2008.09.07"]
[Round "2.41"]
[White "Fernandez Garcia, Ignacio"]
[Black "Martinez Martinez, Antonio"]
[Result "1-0"]
[WhiteElo "1988"]
[BlackElo "1748"]
[PlyCount "48"]
[EventDate "2008.09.06"]
[EventType "swiss"]
[EventRounds "9"]
[EventCountry "AUT"]
[Source "lmi"]
[SourceDate "2008.09.06"]

1. e4 g6 2. d4 d6 3. Be3 Bg7 4. Qd2 c6 5. Nc3 Nf6 6. f3 a5 7. Bh6 O-O 8. g4 e5
9. h4 exd4 10. Nce2 c5 11. Bxg7 Kxg7 12. h5 Ng8 13. hxg6 fxg6 14. Nf4 Nc6 15.
Qh2 h6 16. Bc4 Qg5 17. Ngh3 Qh4+ 18. Kd2 Ne5 19. Be2 b5 20. Rag1 g5 21. Ng2
Nxg4 22. fxg4 Rf2 23. Nxh4 Rxh2 24. Rxh2 gxh4 1-0

[Event "Open Parla 2008"]
[Site "Parla ESP"]
[Date "2008.09.07"]
[Round "2.42"]
[White "Sierra Bermejo, Gregorio"]
[Black "Tirado Parra, Alberto"]
[Result "1/2-1/2"]
[WhiteElo "1808"]
[BlackElo "1983"]
[PlyCount "56"]
[EventDate "2008.09.06"]
[EventType "swiss"]
[EventRounds "9"]
[EventCountry "AUT"]
[Source "lmi"]
[SourceDate "2008.09.06"]

1. c4 c5 2. Nc3 Nf6 3. Nf3 e6 4. g3 b6 5. Bg2 Bb7 6. O-O Be7 7. d4 cxd4 8. Qxd4
d6 9. Rd1 a6 10. b3 Nbd7 11. e4 O-O 12. Ba3 Nc5 13. e5 dxe5 14. Qxe5 Qb8 15.
Bc1 Qxe5 16. Nxe5 Bxg2 17. Kxg2 Rfd8 18. Be3 Rac8 19. f3 Bd6 20. Bd4 Nfd7 21.
Ng4 h5 22. Nf2 Be5 23. Nfe4 Nxe4 24. Nxe4 Bxd4 25. Rxd4 Nc5 26. Rad1 Rxd4 27.
Rxd4 Nxe4 28. fxe4 b5 1/2-1/2

[Event "Open Parla 2008"]
[Site "Parla ESP"]
[Date "2008.09.07"]
[Round "2.43"]
[White "Vazquez Torres, Adrian"]
[Black "Cavalle Pulla, Daniel"]
[Result "1-0"]
[WhiteElo "1981"]
[BlackElo "1737"]
[PlyCount "69"]
[EventDate "2008.09.06"]
[EventType "swiss"]
[EventRounds "9"]
[EventCountry "AUT"]
[Source "lmi"]
[SourceDate "2008.09.06"]

1. e4 c5 2. Nf3 e6 3. d4 cxd4 4. Nxd4 Nf6 5. Nc3 d6 6. Be2 Be7 7. O-O O-O 8.
Be3 a6 9. f4 Qc7 10. f5 e5 11. Nb3 Nbd7 12. g4 b5 13. g5 Nxe4 14. Nxe4 Bb7 15.
Bf3 d5 16. Ng3 e4 17. Bg4 Bd6 18. Kg2 Ne5 19. Be2 Rfe8 20. Rc1 Nf3 21. Nd4 Be5
22. Bxf3 exf3+ 23. Qxf3 Bxd4 24. Bxd4 Qc4 25. Qd3 Qxa2 26. g6 hxg6 27. fxg6 f6
28. Qf5 Qc4 29. Rf4 Qc7 30. Rh4 Qa5 31. Rh8+ Kxh8 32. Qh5+ Kg8 33. Qh7+ Kf8 34.
Bc5+ Re7 35. Qh8# 1-0

[Event "Open Parla 2008"]
[Site "Parla ESP"]
[Date "2008.09.07"]
[Round "2.44"]
[White "Martinez Miura, Enrique"]
[Black "Baeza Escudero, Javier"]
[Result "0-1"]
[WhiteElo "1778"]
[BlackElo "1971"]
[PlyCount "60"]
[EventDate "2008.09.06"]
[EventType "swiss"]
[EventRounds "9"]
[EventCountry "AUT"]
[Source "lmi"]
[SourceDate "2008.09.06"]

1. e4 e5 2. Nf3 Nc6 3. Bb5 a6 4. Ba4 Nf6 5. O-O Be7 6. Re1 b5 7. Bb3 O-O 8. c3
d6 9. h3 Na5 10. Bc2 c5 11. d4 Qc7 12. d5 Bd7 13. b3 c4 14. b4 Nb7 15. a4 bxa4
16. Bxa4 a5 17. Bxd7 Qxd7 18. bxa5 Nxa5 19. Nbd2 Rfc8 20. Ra4 Nh5 21. Nf1 Bd8
22. Rb4 Nf6 23. N1d2 Rab8 24. Ba3 Rxb4 25. Bxb4 Bb6 26. Qa1 Qc7 27. Qa3 Nb7 28.
Ra1 h6 29. Qb2 Bc5 30. Ba5 Nxa5 0-1